Simulace vývoje ekonomických faktorů v zemích V4

Štrukturálna nezamestnanosť alebo hlboká podzamestnanosť ako jeden z vážnych globálnych problémov v súčasnosti. Faktory ovplyvňujúce podzamestnanosť. Podiel skrátených pracovných úväzkov vo vybraných štátoch (2012). Miera podzamestnanosti (podiel ekonomicky aktívnej populácie) v roku 2013 vo vybraný...

ver descrição completa

Na minha lista:
Detalhes bibliográficos
Autor principal: Botlík, Josef
Outros Autores: Botlíková, Milena
Formato: Capítulo de Livro
Idioma:tcheco
Assuntos:
Tags: Adicionar Tag
Sem tags, seja o primeiro a adicionar uma tag!

MARC

LEADER 00000nla a2200000 4500
001 0230193
005 20240417075116.0
041 0 |a cze 
044 |a SK 
245 1 0 |a Simulace vývoje ekonomických faktorů v zemích V4  |c Josef Botlík, Milena Botlíková 
520 |a Štrukturálna nezamestnanosť alebo hlboká podzamestnanosť ako jeden z vážnych globálnych problémov v súčasnosti. Faktory ovplyvňujúce podzamestnanosť. Podiel skrátených pracovných úväzkov vo vybraných štátoch (2012). Miera podzamestnanosti (podiel ekonomicky aktívnej populácie) v roku 2013 vo vybraných krajinách. Vývoj podzamestnanosti v štátoch V4 (2012-2015). Predikcia vývoja podzamestnanosti v krajinách V4. 
610 2 0 |a nezamestnanosť 
610 2 0 |a nezamestnaní 
610 2 0 |a úväzok pracovný 
610 2 0 |a ženy 
610 2 0 |a muži 
610 2 0 |a vek 
610 2 0 |a prognózy 
610 2 0 |a Vyšehradská štvorka 
610 2 0 |a Európska únia 
100 1 |a Botlík, Josef 
700 1 |a Botlíková, Milena